000 00616nam a2200217Ia 4500
001 7264
003 GE_BSU
008 181216s||||||||xx |||||||||||||| ||und||
040 _cGE_BSU
080 _a621.75(035.5)
100 _aВасильев,А.С.
245 _aСправочные таблицы элементов круга.
245 _cРед. В.М.Сергеев.
260 _aМ.
260 _bМеталлургиздат.
260 _c1961.
300 _a339стр.22см.
300 _eтабл.
653 _aСправочные таблицы элементов круга.
942 _cBK
999 _c40636
_d40636